[Event "XVIII Festival Conca della Presolana Magistrale"]
[Site "Bratto - Castione della Presolana ITA"]
[Date "1998.08.??"]
[Round "?"]
[White "Lagrotteria, Salvatore"]
[Black "Bosio, Devis"]
[Result "0-1"]
[WhiteElo "2180"]
[BlackElo "1975"]
[PlyCount "122"]
[EventDate "1998.08.22"]

1. Nf3 f5 2. d4 Nf6 3. c4 g6 4. Nc3 Bg7 5. Bg5 d6 6. g3 O-O 7. Bg2 Qe8 8. O-O
e5 9. dxe5 dxe5 10. Bxf6 Bxf6 11. Qd5+ Kh8 12. Rad1 Nc6 13. Qd2 e4 14. Ne1 Be6
15. Nd5 Qf7 16. Nxf6 Qxf6 17. b3 Rad8 18. Qc1 Rxd1 19. Qxd1 Qb2 20. Qc2 Qxc2
21. Nxc2 Rd8 22. Rc1 a5 23. Kf1 Kg7 24. Ke1 Nb4 25. Nxb4 axb4 26. f3 exf3 27.
exf3 f4 28. gxf4 Rd4 29. Ke2 Rxf4 30. Ke3 Rh4 31. Rh1 Rh5 32. f4 b6 33. Kd4 Kf6
34. Bd5 c5+ 35. Ke4 Bf5+ 36. Ke3 Rh3+ 37. Kd2 Rd3+ 38. Kc1 Rc3+ 39. Kb2 Rc2+
40. Ka1 Rf2 41. h4 Rxf4 42. a3 Ke5 43. axb4 cxb4 44. Bg8 h6 45. Rh2 Kd4 46. Kb2
Ke3 47. Bh7 h5 48. Rh1 Rf2+ 49. Ka1 Ke2 50. Kb2 Kf3+ 51. Kc1 Kg2 52. Re1 Rf1
53. Rxf1 Kxf1 54. Kd2 Kf2 55. Bg8 Kg3 56. Ke3 Kxh4 57. Kd4 g5 58. c5 bxc5+ 59.
Kxc5 g4 60. Bd5 g3 61. Kxb4 Be6 0-1

[Event "XVIII Festival Conca della Presolana Magistrale"]
[Site "Bratto - Castione della Presolana ITA"]
[Date "1998.08.??"]
[Round "?"]
[White "Lagrotteria, Salvatore"]
[Black "De Barberis, Massimo"]
[Result "1/2-1/2"]
[WhiteElo "2180"]
[BlackElo "2110"]
[PlyCount "32"]
[EventDate "1998.08.22"]

1. Nf3 Nf6 2. d4 e6 3. c4 c5 4. Nc3 d5 5. cxd5 exd5 6. Bg5 Be6 7. e3 Nc6 8. Be2
Be7 9. O-O c4 10. Qc2 O-O 11. Rad1 a6 12. e4 b5 13. Ne5 Nb4 14. Qb1 Nxe4 15.
Bxe7 Qxe7 16. Nxe4 dxe4 1/2-1/2

[Event "XVIII Festival Conca della Presolana Magistrale"]
[Site "Bratto - Castione della Presolana ITA"]
[Date "1998.08.??"]
[Round "?"]
[White "Lagrotteria, Salvatore"]
[Black "Lovati, Paolo"]
[Result "1-0"]
[WhiteElo "2180"]
[BlackElo "2050"]
[PlyCount "49"]
[EventDate "1998.08.22"]

1. Nf3 Nc6 2. d4 d5 3. e3 Bg4 4. Be2 e6 5. c4 Nf6 6. cxd5 Nxd5 7. Nc3 Bb4 8.
Bd2 O-O 9. O-O Qe7 10. a3 Nxc3 11. bxc3 Ba5 12. Qa4 Bh5 13. Qb5 Bg6 14. Qxb7
Qd6 15. Qa6 Rab8 16. Bd3 Rb3 17. Bxg6 hxg6 18. Rfb1 Rfb8 19. Rxb3 Rxb3 20. c4
Bxd2 21. Nxd2 Rb2 22. Ne4 Qd7 23. h3 Nxd4 24. exd4 Qxd4 25. Qc8+ 1-0

[Event "XVIII Festival Conca della Presolana Magistrale"]
[Site "Bratto - Castione della Presolana ITA"]
[Date "1998.08.??"]
[Round "?"]
[White "Lagrotteria, Salvatore"]
[Black "Ricci, Alfredo"]
[Result "1-0"]
[WhiteElo "2180"]
[BlackElo "1962"]
[PlyCount "149"]
[EventDate "1998.08.22"]

1. Nf3 Nf6 2. d4 e6 3. c4 c5 4. Nc3 cxd4 5. Nxd4 Nc6 6. e4 d6 7. Be2 Be7 8. O-O
a6 9. b3 O-O 10. Be3 Bd7 11. f3 Nxd4 12. Qxd4 Qa5 13. Rac1 b5 14. e5 dxe5 15.
Qxe5 Qb4 16. Rfd1 Rfc8 17. Ne4 bxc4 18. Bxc4 Be8 19. Bd4 Qb8 20. Qxb8 Rcxb8 21.
Be5 Rc8 22. Nd6 Rc5 23. f4 Ra5 24. a4 Ng4 25. Nb7 Rc5 26. Nxc5 Bxc5+ 27. Bd4
Ba3 28. Ra1 Bb4 29. Be2 Nf6 30. Bf3 Nd5 31. f5 Rb8 32. Ba7 Rb7 33. Bf2 Bc3 34.
Rac1 Rxb3 35. Bxd5 exd5 36. Rxd5 Bf6 37. Ra5 h6 38. Rxa6 Bd7 39. Ra8+ Kh7 40.
a5 Bxf5 41. a6 Bb2 42. Re1 Bc3 43. a7 Ra3 44. Rc1 Be4 45. Re8 f5 46. Bc5 Bb4
47. Bxb4 Rxa7 48. Rd8 Rb7 49. Rd4 Rb6 50. Kf2 Rg6 51. g3 Ra6 52. Ke3 Ra2 53. h4
Rg2 54. Kf4 g5+ 55. hxg5 hxg5+ 56. Kxg5 Rxg3+ 57. Kf6 Rg6+ 58. Ke5 Rg2 59. Rd6
Rg7 60. Rc3 Bb1 61. Rh3+ Kg8 62. Rf6 Rg4 63. Rb6 Kf7 64. Rh7+ Kg8 65. Rc7 Re4+
66. Kf6 Re8 67. Rbb7 f4 68. Rg7+ Kh8 69. Kg5 Re5+ 70. Kxf4 Re4+ 71. Kg5 Re5+
72. Kh4 Re4+ 73. Rg4 Re3 74. Bc3+ Rxc3 75. Rxb1 1-0

[Event "XVIII Festival Conca della Presolana Magistrale"]
[Site "Bratto - Castione della Presolana ITA"]
[Date "1998.08.??"]
[Round "?"]
[White "Lantini, Marco"]
[Black "Lapiccirella, Mattia"]
[Result "0-1"]
[WhiteElo "2145"]
[BlackElo "2030"]
[PlyCount "56"]
[EventDate "1998.08.22"]

1. e4 c5 2. Nf3 Nc6 3. Bb5 g6 4. O-O Bg7 5. c3 Nf6 6. Re1 O-O 7. d4 cxd4 8.
cxd4 d5 9. exd5 Nb4 10. h3 Nbxd5 11. Bc4 b6 12. Nc3 Bb7 13. Qe2 e6 14. Bg5 h6
15. Bd2 Ne7 16. Be3 Nf5 17. Red1 Nd5 18. Ne5 Ndxe3 19. fxe3 Bxe5 20. dxe5 Qg5
21. Rd3 Rac8 22. Bb5 Ng3 23. Qg4 Qxe5 24. Bd7 Rc7 25. Rad1 Ba6 26. Rd6 Qxe3+
27. Kh2 Nf5 28. R6d2 Qe5+ 0-1

[Event "XVIII Festival Conca della Presolana Magistrale"]
[Site "Bratto - Castione della Presolana ITA"]
[Date "1998.08.??"]
[Round "?"]
[White "Lantini, Marco"]
[Black "Mascheroni, Maurizio"]
[Result "1/2-1/2"]
[WhiteElo "2145"]
[BlackElo "2025"]
[PlyCount "62"]
[EventDate "1998.08.22"]

1. e4 d6 2. d4 Nf6 3. Nc3 g6 4. Be3 Bg7 5. Qd2 c6 6. Nf3 Bg4 7. Bd3 Nbd7 8. Ng1
e5 9. h3 Be6 10. Nf3 O-O 11. O-O Qc7 12. a4 a6 13. a5 exd4 14. Nxd4 Ne5 15.
Nxe6 fxe6 16. Be2 Qe7 17. Rfe1 Rae8 18. Bd4 Nf7 19. Bc4 Bh6 20. Be3 Bxe3 21.
Qxe3 Ne5 22. Be2 Qc7 23. Ra4 Ned7 24. Rea1 Nc5 25. Rb4 Nfd7 26. f4 Nf6 27. Bc4
Kh8 28. e5 Nd5 29. Nxd5 exd5 30. Bf1 Ne4 31. Qa7 Rf7 1/2-1/2

[Event "XVIII Festival Conca della Presolana Magistrale"]
[Site "Bratto - Castione della Presolana ITA"]
[Date "1998.08.??"]
[Round "?"]
[White "Lantini, Marco"]
[Black "Pantaleoni, Claudio"]
[Result "1/2-1/2"]
[WhiteElo "2145"]
[BlackElo "2220"]
[PlyCount "22"]
[EventDate "1998.08.22"]

1. e4 e5 2. Nf3 Nc6 3. Bb5 a6 4. Ba4 Nf6 5. O-O Be7 6. Re1 b5 7. Bb3 d6 8. c3
O-O 9. d3 h6 10. Nbd2 Be6 11. Nf1 Qd7 1/2-1/2

[Event "XVIII Festival Conca della Presolana Magistrale"]
[Site "Bratto - Castione della Presolana ITA"]
[Date "1998.08.??"]
[Round "?"]
[White "Lanzani, Mario"]
[Black "Caruso, Daniele"]
[Result "1-0"]
[WhiteElo "2395"]
[BlackElo "2135"]
[PlyCount "55"]
[EventDate "1998.08.22"]

1. e4 e6 2. d4 d5 3. Nc3 dxe4 4. Nxe4 Nd7 5. Nf3 Ngf6 6. Nxf6+ Nxf6 7. Bd3 c6
8. Qe2 Qc7 9. Ne5 b6 10. Nxc6 Bb7 11. Ne5 O-O-O 12. Bf4 Rxd4 13. Bg3 Ne4 14.
Nf3 Nxg3 15. hxg3 Rd8 16. Rh4 Kb8 17. Rc4 Qe7 18. Ne5 Rc8 19. Rxc8+ Kxc8 20.
O-O-O Qc7 21. Ba6 Bd6 22. Bxb7+ Kxb7 23. Qf3+ Kb8 24. Nc6+ Kb7 25. Nb4+ Kc8 26.
Qa8+ Qb8 27. Qc6+ Bc7 28. Na6 1-0

[Event "XVIII Festival Conca della Presolana Magistrale"]
[Site "Bratto - Castione della Presolana ITA"]
[Date "1998.08.??"]
[Round "?"]
[White "Lanzani, Mario"]
[Black "Everet, Alexandro"]
[Result "1/2-1/2"]
[WhiteElo "2395"]
[BlackElo "2260"]
[PlyCount "95"]
[EventDate "1998.08.22"]

1. e4 c5 2. Nf3 Nc6 3. d4 cxd4 4. Nxd4 d6 5. c4 Nf6 6. Nc3 g6 7. Be2 Bg7 8. Be3
O-O 9. O-O Bd7 10. f3 Nxd4 11. Bxd4 Ne8 12. Nd5 Bxd4+ 13. Qxd4 Nc7 14. Rac1 Bc6
15. Rfd1 e5 16. Qe3 Ne6 17. Nc3 Nd4 18. Kh1 f5 19. Bd3 Qf6 20. Bb1 Rad8 21. Rd2
b6 22. Rcd1 fxe4 23. Bxe4 Bxe4 24. Qxe4 Qf5 25. Qd5+ Qf7 26. Qxf7+ Rxf7 27. Ne2
Nf5 28. b3 Kf8 29. Kg1 Ke7 30. Rd3 g5 31. a4 Ke6 32. Nc3 h6 33. Re1 Rfd7 34.
Kf2 Rf8 35. h3 Rdf7 36. Nb5 Rd7 37. Nd4+ Nxd4 38. Rxd4 a6 39. Rd5 h5 40. Re4
Rc7 41. Re3 Rc5 42. Red3 Rxd5 43. cxd5+ Kd7 44. Rc3 e4 45. Ke2 exf3+ 46. Rxf3
Rxf3 47. Kxf3 Ke7 48. Ke4 1/2-1/2

[Event "XVIII Festival Conca della Presolana Magistrale"]
[Site "Bratto - Castione della Presolana ITA"]
[Date "1998.08.??"]
[Round "?"]
[White "Lanzani, Mario"]
[Black "Ferretti, Folco"]
[Result "1-0"]
[WhiteElo "2395"]
[BlackElo "2265"]
[PlyCount "75"]
[EventDate "1998.08.22"]

1. e4 c6 2. Nf3 d5 3. Nc3 Bg4 4. h3 Bxf3 5. gxf3 g6 6. d4 Bg7 7. Be3 e6 8. Qd2
Nd7 9. h4 Ngf6 10. Be2 Qa5 11. a3 h5 12. Kf1 O-O 13. Rg1 e5 14. dxe5 Nxe5 15.
Nxd5 Qxd2 16. Nxf6+ Bxf6 17. Bxd2 Nd7 18. f4 Kh7 19. e5 Bxh4 20. Bb4 c5 21. Bc3
Nb6 22. f5 Nd5 23. Bd2 Rae8 24. f4 Bd8 25. Bd3 Ne7 26. f6 Nc6 27. Rg5 Rh8 28.
Rxh5+ Kg8 29. Rxh8+ Kxh8 30. Kf2 Bb6 31. Bc4 Kg8 32. Rg1 Kf8 33. Rh1 Kg8 34.
Rh6 Rd8 35. Bc3 Na5 36. Rxg6+ Kf8 37. Rh6 Kg8 38. Bxa5 1-0

[Event "XVIII Festival Conca della Presolana Magistrale"]
[Site "Bratto - Castione della Presolana ITA"]
[Date "1998.08.??"]
[Round "?"]
[White "Lanzani, Mario"]
[Black "Gurevich, Dmitry B."]
[Result "1/2-1/2"]
[WhiteElo "2395"]
[BlackElo "2505"]
[PlyCount "62"]
[EventDate "1998.08.22"]

1. e4 c5 2. Nf3 Nc6 3. Bb5 g6 4. Bxc6 dxc6 5. d3 Bg7 6. O-O Nf6 7. Re1 O-O 8.
a4 Bg4 9. h3 Bxf3 10. Qxf3 Ne8 11. Na3 Nc7 12. Nc4 e5 13. a5 Ne6 14. Bd2 Nd4
15. Qd1 Qc7 16. b4 cxb4 17. Bxb4 Rfd8 18. Bd2 Rab8 19. Rf1 Ne6 20. Be3 b5 21.
axb6 axb6 22. Ra6 c5 23. Bd2 b5 24. Ba5 Qc8 25. Rxe6 Qxe6 26. Bxd8 bxc4 27. Bg5
Qa6 28. dxc4 Qxc4 29. Qd6 Ra8 30. Qc6 Rb8 31. Qd6 Ra8 1/2-1/2

[Event "XVIII Festival Conca della Presolana Magistrale"]
[Site "Bratto - Castione della Presolana ITA"]
[Date "1998.08.??"]
[Round "?"]
[White "Lanzani, Mario"]
[Black "Rossi, Carlo"]
[Result "0-1"]
[WhiteElo "2395"]
[BlackElo "2355"]
[PlyCount "42"]
[EventDate "1998.08.22"]

1. e4 Nc6 2. Nc3 Nf6 3. d4 d5 4. e5 Ng8 5. h4 h5 6. Be2 Bf5 7. Bg5 Qd7 8. Bf3
e6 9. a3 Bg6 10. Nge2 f6 11. Bf4 O-O-O 12. Ng3 Qf7 13. Qd2 Nh6 14. Nce2 Ng4 15.
Bxg4 hxg4 16. Nf1 Be4 17. Rh2 fxe5 18. dxe5 Bc5 19. b4 Bb6 20. a4 a5 21. b5
Nxe5 0-1

[Event "XVIII Festival Conca della Presolana Magistrale"]
[Site "Bratto - Castione della Presolana ITA"]
[Date "1998.08.??"]
[Round "?"]
[White "Lapiccirella, Mattia"]
[Black "Alberton, Roberto"]
[Result "1-0"]
[WhiteElo "2030"]
[BlackElo "2140"]
[PlyCount "47"]
[EventDate "1998.08.22"]

1. d4 Nf6 2. c4 e6 3. Nc3 d5 4. Bg5 Nbd7 5. e3 Be7 6. Nf3 O-O 7. Qc2 c5 8. Rd1
cxd4 9. Nxd4 a6 10. cxd5 Nxd5 11. Bxe7 Nxe7 12. Bd3 Nf6 13. O-O Qc7 14. Rc1 e5
15. Nf3 Bg4 16. Ng5 h6 17. Nge4 Nxe4 18. Bxe4 Be6 19. Qa4 Qb6 20. Qa3 Rfe8 21.
Na4 Qa7 22. Rfd1 Rac8 23. Qxe7 Rxe7 24. Rxc8+ 1-0

[Event "XVIII Festival Conca della Presolana Magistrale"]
[Site "Bratto - Castione della Presolana ITA"]
[Date "1998.08.??"]
[Round "?"]
[White "Lapiccirella, Mattia"]
[Black "Giretti Kanev, Jasen"]
[Result "0-1"]
[WhiteElo "2030"]
[BlackElo "2150"]
[PlyCount "110"]
[EventDate "1998.08.22"]

1. d4 Nf6 2. c4 e6 3. Nc3 d5 4. Bg5 Be7 5. e3 O-O 6. Nf3 h6 7. Bh4 b6 8. Qb3
Bb7 9. Bxf6 Bxf6 10. cxd5 exd5 11. Rd1 c6 12. Bd3 Re8 13. O-O Na6 14. Rfe1 Nc7
15. Bb1 Ne6 16. Ne5 g6 17. f4 c5 18. Ne2 Ba6 19. g3 Bxe5 20. fxe5 Ng5 21. Kg2
Qd7 22. Ng1 Rad8 23. h4 Ne6 24. Nh3 Ng7 25. Qc2 Qg4 26. Qf2 Bc8 27. Rh1 Nf5 28.
Nf4 cxd4 29. exd4 Kg7 30. Qf3 Qxf3+ 31. Kxf3 f6 32. Nxg6 Kxg6 33. g4 fxe5 34.
gxf5+ Bxf5 35. Rhg1+ Kf6 36. Bxf5 Kxf5 37. dxe5 Rxe5 38. Rg7 a5 39. Rdg1 Re6
40. R1g4 Ke5 41. Ke3 Rc8 42. Kd3 Rf8 43. Rg3 Kd6 44. R7g6 Rf3+ 45. Rxf3 Rxg6
46. Rf5 Kc5 47. Rh5 b5 48. a3 b4 49. axb4+ axb4 50. Kd2 Kc4 51. b3+ Kd4 52. Kc2
Ke4 53. Kd2 Rc6 54. Ke2 Rf6 55. Ke1 Rd6 0-1

[Event "XVIII Festival Conca della Presolana Magistrale"]
[Site "Bratto - Castione della Presolana ITA"]
[Date "1998.08.??"]
[Round "?"]
[White "Lapiccirella, Mattia"]
[Black "Pantaleoni, Claudio"]
[Result "1/2-1/2"]
[WhiteElo "2030"]
[BlackElo "2220"]
[PlyCount "86"]
[EventDate "1998.08.22"]

1. d4 Nf6 2. c4 g6 3. Nc3 d5 4. cxd5 Nxd5 5. e4 Nxc3 6. bxc3 Bg7 7. Be3 c5 8.
Bc4 Nc6 9. Ne2 O-O 10. O-O Qc7 11. Qc1 Bd7 12. Rb1 Na5 13. Bd3 b6 14. f3 cxd4
15. cxd4 Qd6 16. Qd2 Rfd8 17. h4 Be8 18. f4 e6 19. g4 f5 20. gxf5 gxf5 21. exf5
exf5 22. Bxf5 Qd5 23. Bg4 Bh5 24. Bxh5 Qxh5 25. Bf2 Bf6 26. Qd3 Kh8 27. Rb5
Qg4+ 28. Kh2 Re8 29. Ng1 Bxh4 30. Bxh4 Qxh4+ 31. Qh3 Qxh3+ 32. Kxh3 Rac8 33. f5
Rc3+ 34. Kg4 Nc6 35. Nf3 Rxf3 36. Rxf3 Nxd4 37. Rd5 Nxf3 38. Kxf3 Re7 39. f6
Re8 40. Kg4 Kg8 41. Rd7 Rc8 42. Rxa7 Rc5 43. Rg7+ Kf8 1/2-1/2

[Event "XVIII Festival Conca della Presolana Magistrale"]
[Site "Bratto - Castione della Presolana ITA"]
[Date "1998.08.??"]
[Round "?"]
[White "Lovati, Paolo"]
[Black "Barberi, Alessandro"]
[Result "0-1"]
[WhiteElo "2050"]
[BlackElo "2160"]
[PlyCount "112"]
[EventDate "1998.08.22"]

1. c4 Nf6 2. g3 g6 3. Bg2 Bg7 4. Nc3 O-O 5. e3 c6 6. Nge2 b6 7. O-O Bb7 8. b3
d5 9. d3 Na6 10. Ba3 Qd7 11. Rc1 c5 12. cxd5 Nxd5 13. Nxd5 Bxd5 14. Bxd5 Qxd5
15. d4 Rfd8 16. dxc5 Nxc5 17. Bxc5 bxc5 18. Qxd5 Rxd5 19. Rfd1 Rd6 20. Nf4 Rad8
21. Rxd6 exd6 22. h4 Rd7 23. Kg2 f5 24. Kf3 Kf7 25. Rd1 Be5 26. Nd3 Ke6 27. Ke2
Rc7 28. Rc1 h6 29. Rc4 g5 30. hxg5 hxg5 31. g4 Bf6 32. gxf5+ Kxf5 33. b4 Be7
34. e4+ Ke6 35. bxc5 dxc5 36. f3 Kd6 37. Nf2 Bf6 38. Kd3 Bd4 39. Ng4 Rf7 40.
Ke2 Rb7 41. Ra4 Kc6 42. Ra6+ Kb5 43. Rd6 Kc4 44. Ne3+ Kc3 45. Nd1+ Kc2 46. Rg6
Rg7 47. Rxg7 Bxg7 48. Ne3+ Kb2 49. e5 Kxa2 50. e6 Bf8 51. Nd5 c4 52. e7 Bxe7
53. Nxe7 c3 54. Nc6 c2 55. Nb4+ Kb1 56. Nxc2 Kxc2 0-1

[Event "XVIII Festival Conca della Presolana Magistrale"]
[Site "Bratto - Castione della Presolana ITA"]
[Date "1998.08.??"]
[Round "?"]
[White "Lovati, Paolo"]
[Black "Di Fonzo, Valerio"]
[Result "0-1"]
[WhiteElo "2050"]
[BlackElo "2215"]
[PlyCount "82"]
[EventDate "1998.08.22"]

1. c4 e5 2. Nc3 Nc6 3. g3 g6 4. Bg2 Bg7 5. e3 d6 6. Nge2 Nge7 7. O-O O-O 8. d3
Be6 9. Nd5 f5 10. Rb1 a5 11. a3 Bf7 12. Nec3 Nxd5 13. Nxd5 Re8 14. b4 axb4 15.
axb4 e4 16. dxe4 fxe4 17. b5 Na5 18. Bb2 Bxb2 19. Rxb2 c6 20. bxc6 bxc6 21. Nc3
Nxc4 22. Rb7 d5 23. Qd4 Re7 24. Rb4 Ne5 25. Rfb1 c5 26. Qxc5 Nd3 27. Qd4 Nxb4
28. Rxb4 Rc7 29. h4 Rac8 30. Ne2 Rc4 31. Rxc4 Rxc4 32. Qe5 Rc6 33. h5 Qf6 34.
Qb8+ Kg7 35. hxg6 hxg6 36. Qf4 Qxf4 37. Nxf4 Rc2 38. Bf1 g5 39. Ne2 Bh5 40. Nd4
Rc1 41. Nb3 Rb1 0-1

[Event "XVIII Festival Conca della Presolana Magistrale"]
[Site "Bratto - Castione della Presolana ITA"]
[Date "1998.08.??"]
[Round "?"]
[White "Lovati, Paolo"]
[Black "Farina, Saverio"]
[Result "0-1"]
[WhiteElo "2050"]
[BlackElo "2170"]
[PlyCount "118"]
[EventDate "1998.08.22"]

1. g3 d5 2. Bg2 c5 3. c4 e6 4. Nh3 Nc6 5. O-O Nf6 6. d3 Be7 7. Nc3 d4 8. Nb5
O-O 9. e4 dxe3 10. fxe3 e5 11. Nc3 Bg4 12. Qb3 Rb8 13. Nf2 Be6 14. a3 Qd7 15.
Qc2 Rfd8 16. b3 Ng4 17. Bd5 Nxf2 18. Rxf2 Kh8 19. Bxe6 Qxe6 20. Bb2 Bg5 21. Qe2
Qg6 22. Rd1 Rf8 23. Kh1 Rbd8 24. g4 Ne7 25. Ne4 f5 26. gxf5 Nxf5 27. Rg1 h6 28.
Bxe5 Qc6 29. Rgf1 Qe6 30. Nxg5 Qxe5 31. e4 hxg5 32. Rxf5 Rxf5 33. Rxf5 Qe7 34.
Qh5+ Kg8 35. Qf3 g4 36. Qe3 b6 37. Kg2 Qh4 38. Rf2 Rd6 39. e5 Rh6 40. Qg3 Qg5
41. Qf4 Qh5 42. Qf3 Qg6 43. Qe4 Qh5 44. Kg3 Qh4+ 45. Kg2 Qxh2+ 46. Kf1 Qh1+ 47.
Ke2 Qb1 48. Qf4 Qb2+ 49. Kf1 Qb1+ 50. Ke2 Qc2+ 51. Qd2 Qxb3 52. Ke3 Qxa3 53.
Rh2 Qa1 54. Ke4 Qd4+ 55. Kf5 Qd7+ 56. Ke4 Qc6+ 57. Kf4 Qg6 58. Qc2 Rxh2 59.
Qxh2 Qh6+ 0-1

[Event "XVIII Festival Conca della Presolana Magistrale"]
[Site "Bratto - Castione della Presolana ITA"]
[Date "1998.08.??"]
[Round "?"]
[White "Lovati, Paolo"]
[Black "Sbarra, Marco"]
[Result "0-1"]
[WhiteElo "2050"]
[BlackElo "2270"]
[PlyCount "120"]
[EventDate "1998.08.22"]

1. g3 Nf6 2. Bg2 d5 3. b3 e5 4. Bb2 Nc6 5. d3 Bc5 6. Nf3 O-O 7. O-O Qe7 8. a3
e4 9. dxe4 dxe4 10. Nd4 Rd8 11. Nxc6 bxc6 12. Qc1 e3 13. f4 Bf5 14. b4 Rd2 15.
Bxf6 Qxf6 16. c3 Bb6 17. Bf3 Rad8 18. Kh1 Rc2 19. Qe1 c5 20. g4 Bd7 21. g5 Qe7
22. a4 cxb4 23. cxb4 Bh3 24. Rg1 Rc4 25. Nc3 Qxb4 26. g6 Qxc3 27. Qh4 Qf6 28.
Qxh7+ Kf8 29. Qxh3 fxg6 30. Rad1 Rcd4 31. Rxd4 Rxd4 32. Qc8+ Kf7 33. Bg4 Qc6+
34. Bf3 Qf6 35. Bg4 Rd6 36. f5 Rd8 37. fxg6+ Ke7 38. Qb7 Qe5 39. Rf1 Rf8 40.
Rxf8 Kxf8 41. Qc8+ Ke7 42. Qd7+ Kf6 43. Qc6+ Kg5 44. Bf3 Bc5 45. Qe4 Qxe4 46.
Bxe4 Be7 47. Kg2 Kf4 48. Bc6 Bg5 49. Kh3 a5 50. Kg2 Bh4 51. Kh3 Bf2 52. Kg2 Kg4
53. h3+ Kf4 54. Bb5 c5 55. Bc4 Be1 56. Kf1 Bh4 57. Kg2 Ke4 58. Bd3+ Kd4 59. Kf3
Bg5 60. Bf5 Kc3 0-1

[Event "XVIII Festival Conca della Presolana Magistrale"]
[Site "Bratto - Castione della Presolana ITA"]
[Date "1998.08.??"]
[Round "?"]
[White "Lovati, Paolo"]
[Black "Vancini, Edoardo"]
[Result "1/2-1/2"]
[WhiteElo "2050"]
[BlackElo "2260"]
[PlyCount "120"]
[EventDate "1998.08.22"]

1. g3 d5 2. Bg2 e5 3. d3 c6 4. Nf3 Bd6 5. c4 Nf6 6. O-O O-O 7. cxd5 cxd5 8. Nc3
Nc6 9. Bg5 Be6 10. Bxf6 gxf6 11. d4 e4 12. Nh4 f5 13. e3 Be7 14. Qh5 Bxh4 15.
gxh4 Ne7 16. Qg5+ Ng6 17. Qxd8 Raxd8 18. h5 Nh4 19. Ne2 Kh8 20. f4 exf3 21.
Bxf3 Rg8+ 22. Kf2 f4 23. Nxf4 Nxf3 24. Kxf3 Bf5 25. Rac1 Be4+ 26. Kf2 Rc8 27.
Rc3 Rxc3 28. bxc3 Rc8 29. Rc1 Rc6 30. Ne2 Rf6+ 31. Nf4 Ra6 32. Ra1 Rb6 33. a4
Rb3 34. Rc1 Ra3 35. c4 Rxa4 36. cxd5 Ra2+ 37. Kg3 Rc2 38. Ra1 a6 39. Ra5 Rc1
40. Rc5 Rxc5 41. dxc5 Kg7 42. h6+ Kf6 43. d6 Bc6 44. Kf2 Ke5 45. Ke2 b6 46.
cxb6 Kxd6 47. Kd3 Bf3 48. Kd4 a5 49. e4 a4 50. Nd5 Kc6 51. Nf6 a3 52. Kc3 Kxb6
53. e5 Kc5 54. Nxh7 Be4 55. Ng5 Bg6 56. Nxf7 Kd5 57. e6 Kxe6 58. Ng5+ Kf5 59.
h7 Bxh7 60. Nxh7 Kg4 1/2-1/2

[Event "XVIII Festival Conca della Presolana Magistrale"]
[Site "Bratto - Castione della Presolana ITA"]
[Date "1998.08.??"]
[Round "?"]
[White "Machin, Guillaume"]
[Black "Barberi, Alessandro"]
[Result "1-0"]
[WhiteElo "2045"]
[BlackElo "2160"]
[PlyCount "85"]
[EventDate "1998.08.22"]

1. e4 c5 2. Nf3 d6 3. d4 cxd4 4. Nxd4 Nf6 5. Nc3 g6 6. Be3 Bg7 7. f3 Nc6 8. Qd2
O-O 9. O-O-O d5 10. Kb1 Nxd4 11. e5 Nf5 12. exf6 exf6 13. Nxd5 Nxe3 14. Qxe3
Be6 15. Bc4 Re8 16. Qf4 g5 17. Qd2 Qb8 18. h4 h6 19. Qb4 Qg3 20. Bb3 a5 21. Qd4
f5 22. Qc5 a4 23. Bc4 Rac8 24. Qb4 a3 25. hxg5 Qe5 26. c3 hxg5 27. Rhe1 Qh2 28.
Bb5 Bxd5 29. Bxe8 Be6 30. Bd7 Bxd7 31. Rxd7 Qxg2 32. Qxa3 Qxf3 33. Qe7 Rf8 34.
Rxb7 g4 35. Rd7 g3 36. Qg5 Qf2 37. Rdd1 Rb8 38. b3 Ra8 39. a4 f4 40. Rf1 Qb6
41. Ka2 Re8 42. Rxf4 Rb8 43. Rb4 1-0

[Event "XVIII Festival Conca della Presolana Magistrale"]
[Site "Bratto - Castione della Presolana ITA"]
[Date "1998.08.??"]
[Round "?"]
[White "Machin, Guillaume"]
[Black "Everet, Alexandro"]
[Result "0-1"]
[WhiteElo "2045"]
[BlackElo "2260"]
[PlyCount "56"]
[EventDate "1998.08.22"]

1. e4 e5 2. Nf3 Nc6 3. Bb5 d6 4. O-O Bd7 5. c3 Nf6 6. Re1 g6 7. d4 Qe7 8. Bxc6
Bxc6 9. d5 Bd7 10. Qb3 b6 11. Qc4 Rc8 12. Qe2 Bg7 13. c4 O-O 14. Nc3 h6 15. Nd2
Nh7 16. Nf1 f5 17. exf5 gxf5 18. f3 Kh8 19. Ng3 Qf7 20. b4 Rg8 21. Kh1 Bf6 22.
Rd1 Qg6 23. Bb2 Rg7 24. Rd2 Rcg8 25. Rc1 Bg5 26. Rcc2 Bxd2 27. Qxd2 f4 28. Nge4
Bh3 0-1

[Event "XVIII Festival Conca della Presolana Magistrale"]
[Site "Bratto - Castione della Presolana ITA"]
[Date "1998.08.??"]
[Round "?"]
[White "Machin, Guillaume"]
[Black "Satta, Vladimiro"]
[Result "1-0"]
[WhiteElo "2045"]
[BlackElo "2225"]
[PlyCount "119"]
[EventDate "1998.08.22"]

1. e4 e6 2. d3 d5 3. Nd2 c5 4. Ngf3 Nc6 5. g3 Nf6 6. Bg2 Be7 7. O-O O-O 8. Re1
Qc7 9. e5 Nd7 10. Qe2 b5 11. Nf1 Nd4 12. Nxd4 cxd4 13. Bf4 Bb7 14. h4 Rfc8 15.
Rec1 Qb6 16. Nh2 Rc6 17. Nf3 Rac8 18. g4 Bc5 19. Bg3 Qc7 20. a4 a6 21. b4 Bxb4
22. Nxd4 Rc5 23. axb5 axb5 24. Rab1 Ba3 25. Rf1 Ba6 26. f4 Nb6 27. f5 Qd7 28.
fxe6 fxe6 29. g5 R5c7 30. Kh2 Bc5 31. Nf3 Na4 32. Rb3 Bb6 33. g6 hxg6 34. Ng5
Rxc2 35. Qg4 Nc5 36. Ra3 Bb7 37. d4 Ne4 38. Raf3 Nd2 39. R1f2 Nxf3+ 40. Rxf3
Re8 41. h5 Rf8 42. hxg6 Rxf3 43. Nxf3 Qc8 44. Qh5 Qc4 45. Qh7+ Kf8 46. Qh8+ Ke7
47. Qxg7+ Kd8 48. Bh4+ Kc8 49. Qf8+ Kc7 50. Bd8+ Kb8 51. Bxb6+ Bc8 52. g7 Kb7
53. Bc5 Ra2 54. g8=Q Ra8 55. Qgf7+ Ka6 56. Qxe6+ Ka5 57. Qexc8 Rxc8 58. Qxc8
Ka4 59. Qa6+ Kb3 60. Qa3+ 1-0

[Event "XVIII Festival Conca della Presolana Magistrale"]
[Site "Bratto - Castione della Presolana ITA"]
[Date "1998.08.??"]
[Round "?"]
[White "Manca, Federico"]
[Black "Collutiis, Duilio"]
[Result "1-0"]
[WhiteElo "2380"]
[BlackElo "2185"]
[PlyCount "59"]
[EventDate "1998.08.22"]

1. e4 c5 2. c3 d6 3. d4 Nf6 4. Bd3 e5 5. d5 Be7 6. c4 O-O 7. Nc3 Ne8 8. b3 Na6
9. Nge2 Nac7 10. Bb2 Bd7 11. O-O Rb8 12. a4 b6 13. Kh1 a6 14. Qc2 Nf6 15. f3 h5
16. Nd1 h4 17. Ne3 Nh5 18. Rf2 Bf5 19. Bc1 b5 20. a5 bxc4 21. Nxc4 Nb5 22. f4
exf4 23. Nxf4 Bg4 24. Nxh5 Bxh5 25. Bb2 Rb7 26. e5 dxe5 27. Nxe5 Bf6 28. Bh7+
Kh8 29. Rf5 Bg5 30. Nc6 1-0

[Event "XVIII Festival Conca della Presolana Magistrale"]
[Site "Bratto - Castione della Presolana ITA"]
[Date "1998.08.??"]
[Round "?"]
[White "Manca, Federico"]
[Black "Di Fonzo, Valerio"]
[Result "1-0"]
[WhiteElo "2380"]
[BlackElo "2215"]
[PlyCount "89"]
[EventDate "1998.08.22"]

1. e4 e5 2. Nf3 Nc6 3. Bb5 Nf6 4. O-O Nxe4 5. d4 a6 6. Ba4 b5 7. Bb3 d5 8. dxe5
Be6 9. Qe2 Be7 10. Rd1 O-O 11. c4 bxc4 12. Bxc4 Bc5 13. Be3 Bxe3 14. Qxe3 Qb8
15. Bb3 Qb6 16. Qxb6 cxb6 17. Na3 Rfd8 18. Nc2 Nc5 19. Ncd4 Nxd4 20. Nxd4 Rac8
21. Rac1 Nxb3 22. axb3 g5 23. f3 Bd7 24. g3 a5 25. f4 gxf4 26. gxf4 Rc5 27. Kf2
Kf8 28. Rg1 Rdc8 29. Rce1 h6 30. f5 Rc2+ 31. Nxc2 Rxc2+ 32. Re2 Bxf5 33. Rxc2
Bxc2 34. b4 axb4 35. Ke3 Ke7 36. Kd4 Ke6 37. Ra1 f6 38. exf6 Kxf6 39. Ra6 Kg5
40. Rxb6 b3 41. Kxd5 h5 42. Rb4 Bd1 43. Ke5 h4 44. h3 Be2 45. Rb8 1-0